01355nas a2200229 4545000010006000000050017000060080037000230030015000600400040000750800016001152450022001310220014001532640075001673100026002425200621002680410008008891000053008976500027009506500012009776500022009898560114010112899620260407193507.0260407s2012####ag###########|||spa#dAR-UNSa-BCEJYS aAR-UNSa-BCEJYSbspacAR-UNSa-BCEJYS a34xDerecho10aPensar en derecho a2314-0186 1aBuenos Aires :bEUDEBA (Editorial Universitaria de Buenos Aires)c2012 aFrecuencia: irregular aConvoca a docentes, profesores e investigadores de la Facultad de Derecho a presentar artículos inéditos. Deben ser trabajos de investigación en el campo de las ciencias jurídicas o afines que respondan a criterios de relevancia social, innovación teórica, claridad conceptual, rigor metodológico y construcción de fuentes fiables. La revista está animada por el propósito de generar un espacio de debate académico que permita dar a conocer cuáles son algunos de los principales temas de preocupación de la comunidad académica de la Facultad de Derecho de la Universidad de Buenos Aires. aspa1 aUniversidad de Buenos Aires. Facultad de Derecho aDerecho constitucional aDerecho aDERECHO COMERCIAL41uhttps://biblioeco.unsa.edu.ar/pmb/images/revistas/Pensar en Derecho-r13996.jpgyImagen de portadaqimage/jpeg